Т. 29, № 1; Химия и технология воды

Podrobná bibliografie
Parent link:Химия и технология воды: международный научно-технический журнал/ Национальная академия наук Украины (НАНУ), Институт коллоидной химии и химии воды им. А. В. Думанского. Т. 29, № 1.— , 1980-.— 0204-3556
Jazyk:ruština
Vydáno: 2007
Médium: Kniha
KOHA link:https://koha.lib.tpu.ru/cgi-bin/koha/opac-detail.pl?biblionumber=403876

MARC

LEADER 00000nam2a2200000 4500
001 403876
005 20231101070006.0
035 |a (RuTPU)RU\TPU\prd\50706 
090 |a 403876 
100 |a 20070508a19799999k y0rusy50 ca 
101 0 |a rus 
102 |a UA 
200 0 |a Т. 29, № 1 
210 |d 2007 
461 1 |0 (RuTPU)RU\TPU\prd\425  |x 0204-3556  |t Химия и технология воды  |o международный научно-технический журнал  |f Национальная академия наук Украины (НАНУ), Институт коллоидной химии и химии воды им. А. В. Думанского  |v Т. 29, № 1  |d 1980- 
801 0 |a RU  |b 63413507  |c 20010227  |g PSBO 
801 1 |a RU  |b 63413507  |c 20070508  |g PSBO 
801 2 |a RU  |b 63413507  |c 20210210  |g PSBO 
942 |c BK 
999 |a НТБ_ТПУ  |b НФ  |e -1/20070109  |p П-9085  |s 7/20060918  |u 250,40  |v 1